Mammal investigations on the Canol road, Yukon and Northwest Territories, l944, (Record no. 52788)

MARC details
000 -LEADER
fixed length control field 01046cam a22002651 4500
001 - CONTROL NUMBER
control field s 48000006
003 - CONTROL NUMBER IDENTIFIER
control field DLC
005 - DATE AND TIME OF LATEST TRANSACTION
control field 20260227111912.0
008 - FIXED-LENGTH DATA ELEMENTS--GENERAL INFORMATION
fixed length control field 790914s1945 onca 000 0 eng
010 ## - LIBRARY OF CONGRESS CONTROL NUMBER
LC control number s 48000006
035 ## - SYSTEM CONTROL NUMBER
System control number (OCoLC)5376497
040 ## - CATALOGING SOURCE
Original cataloging agency DLC
Transcribing agency NcGU
Modifying agency DLC
042 ## - AUTHENTICATION CODE
Authentication code premarc
050 00 - LIBRARY OF CONGRESS CALL NUMBER
Classification number QH1
Item number .C13 no. 99
100 1# - MAIN ENTRY--PERSONAL NAME
Personal name Rand, Austin Loomer,
Dates associated with a name 1905-1982.
245 10 - TITLE STATEMENT
Title Mammal investigations on the Canol road, Yukon and Northwest Territories, l944,
Statement of responsibility, etc. by A. L. Rand.
260 ## - PUBLICATION, DISTRIBUTION, ETC.
Place of publication, distribution, etc. Ottawa,
Name of publisher, distributor, etc. E. Cloutier, printer to the King,
Date of publication, distribution, etc. 1945.
300 ## - PHYSICAL DESCRIPTION
Extent 52 p.
Other physical details illus. (incl. map)
Dimensions 25 cm.
490 1# - SERIES STATEMENT
Series statement Canada. National museum, Ottawa. Bulletin
Volume/sequential designation no. 99.
Series statement Biological ser.
Volume/sequential designation no. 28
500 ## - GENERAL NOTE
General note At head of title: Canada. Dept. of mines and resources. Mines and geology branch. National museum of Canada.
650 #0 - SUBJECT ADDED ENTRY--TOPICAL TERM
Topical term or geographic name entry element Mammals
Geographic subdivision Yukon.
650 #0 - SUBJECT ADDED ENTRY--TOPICAL TERM
Topical term or geographic name entry element Mammals
Geographic subdivision Northwest Territories.
830 #0 - SERIES ADDED ENTRY--UNIFORM TITLE
Uniform title Bulletin (National Museum of Canada),
Volume/sequential designation no. 99.
830 #0 - SERIES ADDED ENTRY--UNIFORM TITLE
Uniform title Bulletin (National Museum of Canada).
Name of part/section of a work Biological series,
Volume/sequential designation no. 28.

No items available.

Powered by Koha